01142nam a2200253 a 450000100060000000300090000600800410001502000150005604000280007108200170009910000450011624500300016126000450019130000100023649000670024650501800031359000530049365000460054665000550059265000600064794200120070799900170071995201520073616066CO-ViMGA141112s2004 ck r 000 u spa d a9586880664 aCO-ViMGAbspacCO-ViMGA04a658.01 C151c1 aCámara de Comercio de Bogotá, 9992110aCómo iniciar su empresa aBogotá, cCámara de Comercio, c2001 a34.p. aGuías de consulta rápida para crear empresa : Módulo (1) aCómo iniciar su empresa El perfil empresarial y la coherencia con el negocio Motivaciones y limitaciones para crear su empresa Cómo identificar una oportunidad empresarial aForma de adquisición : Donación - Mincultura14aEMPRESAS - ORGANIZACION - MANUALES92299314aEMPRESAS PRIVADAS - ORGANIZACION - COLOMBIA92299414aSOCIEDADES COMERCIALES - ORGANIZACION - COLOMBIA922995 2ddccBK c26005d26005 01102ddc44708002aMEVIECARbMEVIECARd2015-12-04hVolumen. 1 | 11/jun/2009l0o658.01 C151c p16066r2015-12-04 00:00:00tEj. 1w2015-12-04yBK